| 000 | 00000nam##2200000za#4500 |
| 001 | 9.601956 |
| 003 | CaOODSP |
| 005 | 20210624210326 |
| 007 | cr ||||||||||| |
| 008 | 150406|2005||||xxc|||||o f|0| 0 fre|d |
| 040 | |aCaOODSP|bfre |
| 043 | |an-cn--- |
| 086 | 1 |aTU3-5/05-16F-PDF |
| 110 | 2 |aBureau de la sécurité des transports du Canada. |
| 245 | 10|aCollision avec le sol de l'hélicoptère Eurocopter AS 350 BA C-FHBG exploité par Héli-Horizon inc., à 60 nm au sud-est de La Grande-4 (Québec), le 24 janvier 2005 |h[ressource électronique] |
| 260 | |aGatineau - Québec : |bBureau de la sécurité des transports du Canada |c[2006]. |
| 300 | |a8p.|bcarte en couleur, photographies |
| 490 | 1 |aRapport d'enquête aéronautique |vA05Q0008 |
| 500 | |a«Le Bureau a autorisé la publication du rapport le 18 avril 2006.»--p.7 de 8. |
| 590 | |a12-19-Supp|b2012-04-30 |
| 775 | 08|tCollision with terrain, Héli-Horizon Inc., Eurocopter AS 350 BA (Helicopter) C-FHBG, La Grande-4, Quebec, 60 nm SE, 24 January 2005 |w(CaOODSP)9.571341 |
| 830 | #0|aRapport d'enquête aéronautique ;|vA05Q0008|w(CaOODSP)9.501229 |
| 856 | 40|ahttp://publications.gc.ca|qPDF|s186 Ko|uhttps://publications.gc.ca/collections/collection_2011/bst-tsb/TU3-5-05-16-fra.pdf|yA05Q0008 |